| 000 | 00682cam a2200253 4500 | ||
|---|---|---|---|
| 008 | 090401t1997 xxu||||| |||| 00| 0 eng d | ||
| 020 | _a0874208092 | ||
| 035 | _a(Sirsi) u86115 | ||
| 041 | _aeng | ||
| 050 | _a711.52 | ||
| 100 | _aGarvin, Alexander | ||
| 245 | _aUrban parks and open space. | ||
| 260 |
_aWashington, DC _bUrban Land Institute _c1997 |
||
| 300 | _axi,217p. : ill. ; 28cm. | ||
| 350 | _a37.95 | ||
| 520 | _aSponsored by the Urban Land Institute and Trust for Public Land. | ||
| 650 | _aUNITED STATES | ||
| 650 | _aURBAN PARKS | ||
| 650 | _aURBAN RENEWAL | ||
| 690 | _aURBAN RENEWAL | ||
| 700 | _aBerens, Gayle | ||
| 942 | _n0 | ||
| 948 | _c11/05/1998 | ||
| 999 |
_c97105 _d97105 |
||